000 00455nam a2200157 i 4500
001 99448
003 ES-MaACL
005 20230906182511.0
007 t|
008 050908s1920 fr ||||1| fre d
100 1 _aSaint-Léon, Etienne Martin.
_9132288
245 1 0 _aSyndicalisme ouvrier et syndicalisme agricole /
_cEtienne Martin Saint-Léon.
260 _aParis :
_bMayeune Colin,
_c1920.
300 _a160 p. ;
_c19 cm.
852 _aES-MaACL
_jF-10115
999 _c99448
_d99448